| 000 | 02075cam a2200349 a 4500 | ||
|---|---|---|---|
| 005 | 20100727112350.0 | ||
| 010 | _aENG-101390 B-428473-476 | ||
| 020 |
_a9788132105688 _c550.00 |
||
| 035 | _aEN-84923 | ||
| 035 | _aB-428473-476 | ||
| 037 | _bDBAD/PUB | ||
| 037 | _bResearchco Book Centre | ||
| 082 | 0 | 0 | _a300.72 |
| 100 | 1 |
_aFlick, Uwe _d1956- _932619 |
|
| 245 | 1 | 3 |
_aAn introduction to qualitative research / _cby Uwe Flick |
| 250 | _a4th ed | ||
| 260 |
_aNew Delhi _bSage Publications _c2009 |
||
| 270 |
_aB1I-1 Mohan Cooperative Industrial Area, Mathura Road _bNew Delhi _e110044 |
||
| 300 |
_axx,504 p. : _bill. _c24cm (pbk) |
||
| 500 | _aIncludes bibliographical references (p. [476]-491 and indexes. | ||
| 650 | 0 |
_aPsychology _xQualitative research. _932620 |
|
| 650 | 0 |
_aSocial sciences _xMethodology. _932621 |
|
| 650 | 0 |
_aQualitative research. _932622 |
|
| 942 |
_2ddc _cEN _h300.72 _mFLI |
||
| 999 |
_c43341 _d43341 |
||